Seeking shalom : (Registro nro. 9621)

Detalles MARC
000 -LEADER
campo de control de longitud fija 02833cam a2200505 i 4500
003 - IDENTIFICADOR DE NÚMERO DE CONTROL
campo de control PE-LiUPU
005 - FECHA Y HORA DE LA ÚLTIMA TRANSACCIÓN
campo de control 20250731172844.0
008 - DATOS DE LONGITUD FIJA--INFORMACIÓN GENERAL
campo de control de longitud fija 150519s2015 miu b 000 0 eng
020 ## - NÚMERO INTERNACIONAL ESTÁNDAR DEL LIBRO
Número Internacional Estándar del Libro 0802872093 (pbk. : alk. paper)
020 ## - NÚMERO INTERNACIONAL ESTÁNDAR DEL LIBRO
Número Internacional Estándar del Libro 9780802872098 (pbk. : alk. paper)
035 ## - NÚMERO DE CONTROL DEL SISTEMA
Número de control de sistema (Sirsi) i9780802872098
040 ## - FUENTE DE CATALOGACIÓN
Centro catalogador/agencia de origen DLC
Lengua de catalogación spa
Normas de descripción rda
Centro/agencia transcriptor DLC
Centro/agencia modificador YDX
-- YDXCP
-- BDX
-- BTCTA
-- OCLCF
-- CDX
-- YUS
-- Z35
-- NLGGC
-- PE-LiUPU
049 ## - FONDOS LOCALES (OCLC)
Biblioteca depositaria PRUA
082 00 - NÚMERO DE LA CLASIFICACIÓN DECIMAL DEWEY
Número de clasificación 261.26
Cutter C96
Número de edición 23
100 1# - ENTRADA PRINCIPAL--NOMBRE DE PERSONA
Nombre de persona Cunningham, Philip A.,
Término indicativo de función/relación autor.
245 10 - MENCIÓN DEL TÍTULO
Título Seeking shalom :
Resto del título the journey to right relationship between Catholics and Jews /
Mención de responsabilidad, etc. Philip A. Cunningham.
264 #1 - PRODUCCIÓN, PUBLICACIÓN, DISTRIBUCIÓN, FABRICACIÓN Y COPYRIGHT
Producción, publicación, distribución, fabricación y copyright Grand Rapids, Michigan :
Nombre del de productor, editor, distribuidor, fabricante William B. Eerdmans Publishing Company,
Fecha de producción, publicación, distribución, fabricación o copyright 2015.
300 ## - DESCRIPCIÓN FÍSICA
Extensión xiii, 268 páginas ;
Dimensiones 23 centímetros.
336 ## - TIPO DE CONTENIDO
Término de tipo de contenido text
Fuente rdacontent
337 ## - TIPO DE MEDIO
Nombre/término del tipo de medio unmediated
Fuente rdamedia
338 ## - TIPO DE SOPORTE
Nombre/término del tipo de soporte volume
Fuente rdacarrier
504 ## - NOTA DE BIBLIOGRAFÍA, ETC.
Nota de bibliografía, etc. Bibliografía : páginas 257-268.
505 0# - NOTA DE CONTENIDO CON FORMATO
Nota de contenido con formato Introduction: Charting an unprecedented journey -- 1. The word of God in human language : The Catholic Biblical renaissance -- 2. Interpreting the Bible in a post-Nostra Aetate Church -- 3. Christianity and rabbinic Judaism : branches from the root of Second Temple Judaism -- 4. Paul's letter to the Romans and Christian-Jewish relations today -- 5. The Gospels and their presentation of Judaism -- 6. The Passion narratives and Christian-Jewish relations today -- 7. Matthean Christology in a post-Nostra Aetate Church -- 8. Nostra Aetate and the "Beginning of a New Beginning" -- 9. Magisterial contributions toward a "Theology of Shalom" -- 10. Retelling the Christian story in a post-Nostra Aetate Church -- 11. Jews as covenanting with a Triune God? -- 12. Biblical land promises and the State of Israel : a challenge for Catholic (and Jewish) theology -- 13. Reflections on the dynamics of Catholic-Jewish rapprochement -- Conclusion: Charting the unexplored paths of mutuality.
526 ## - NOTA DE INFORMACIÓN SOBRE EL PROGRAMA DE ESTUDIO
Nombre del programa Segunda Especialidad En Profecías Bíblicas
526 ## - NOTA DE INFORMACIÓN SOBRE EL PROGRAMA DE ESTUDIO
Nombre del programa Segunda Especialidad En Nuevo Testamento
526 ## - NOTA DE INFORMACIÓN SOBRE EL PROGRAMA DE ESTUDIO
Nombre del programa Segunda Especialidad En Antiguo Testamento
526 ## - NOTA DE INFORMACIÓN SOBRE EL PROGRAMA DE ESTUDIO
Nombre del programa Segunda Especialidad En Estudios Adventistas
526 ## - NOTA DE INFORMACIÓN SOBRE EL PROGRAMA DE ESTUDIO
Nombre del programa Doctorado en teología
526 ## - NOTA DE INFORMACIÓN SOBRE EL PROGRAMA DE ESTUDIO
Nombre del programa Maestría en teología histórica
526 ## - NOTA DE INFORMACIÓN SOBRE EL PROGRAMA DE ESTUDIO
Nombre del programa Maestría en teología bíblica
526 ## - NOTA DE INFORMACIÓN SOBRE EL PROGRAMA DE ESTUDIO
Nombre del programa Maestría en teología
526 ## - NOTA DE INFORMACIÓN SOBRE EL PROGRAMA DE ESTUDIO
Nombre del programa Maestría en misionología
526 ## - NOTA DE INFORMACIÓN SOBRE EL PROGRAMA DE ESTUDIO
Nombre del programa Maestría en liderazgo eclesiástico
526 ## - NOTA DE INFORMACIÓN SOBRE EL PROGRAMA DE ESTUDIO
Nombre del programa Teología
596 ## -
-- 1
650 #0 - PUNTO DE ACCESO ADICIONAL DE MATERIA--TÉRMINO DE MATERIA
Término de materia o nombre geográfico como elemento de entrada El Cristianismo y otras religiones
Subdivisión general Judaismo.
650 #0 - PUNTO DE ACCESO ADICIONAL DE MATERIA--TÉRMINO DE MATERIA
Término de materia o nombre geográfico como elemento de entrada Judaismo
Subdivisión general Relaciones
-- Iglesia Católica.
650 #7 - PUNTO DE ACCESO ADICIONAL DE MATERIA--TÉRMINO DE MATERIA
Término de materia o nombre geográfico como elemento de entrada Las relaciones interrelogiosas .
Fuente del encabezamiento o término fast
Número de control del registro de autoridad o número normalizado (OCoLC)fst01353343
910 ## - DATOS DE OPCIÓN DEL USUARIO (OCLC)
-- ck
-- hop
-- hop
-- 20160526
942 ## - ELEMENTOS DE ENTRADA SECUNDARIOS (KOHA)
Fuente del sistema de clasificación o colocación Clasificación Decimal Dewey
Tipo de ítem Koha
949 ## - PROCESAMIENTO DE INFORMACIÓN LOCAL (OCLC)
a 261.26 C96
w DEWEY
c 1
i 73214
l CCODEBUL1
m BUL
p 30.00
r 0
s Y
t BOOK
u 2016-5-26
x TEOLOGIA
-- P85
0 COMPRA
o .STAFF. Posgrado
994 ## -
-- C0
-- PEPRU
999 ## - NÚMEROS DE CONTROL DE SISTEMA (KOHA)
-- DEWEY
-- 73214
-- 2021-11-10
-- 5
-- CCODEBUL1
-- BUL
-- 30.00
-- 0
-- Y
-- BOOK
-- 2016-5-26
-- TEOLOGIA
-- P85
-- COMPRA
-- .STAFF. Posgrado
980 ## - EQUIVALENCIA O REFERENCIA-CRUZADA-MENCIÓN DE SERIE--NOMBRE DE PERSONA/TÍTULO [LOCAL, CANADÁ]
ID del último usuario que modificó el registro 1
Nombre del último usuario que modificó el registro ALBERTO SANCHEZ Responsable de Automatización
Existencias
Visto por última vez Número de inventario Total de préstamos Signatura topográfica completa Código de barras Copia número Coste, precio de reemplazo Fecha de reemplazo Facultad Tipo de ítem Koha Nota pública Estado de pérdida Fuente del sistema de clasificación o colocación Restricciones de uso No para préstamo Colección Programa académico Biblioteca de origen Biblioteca actual Ubicación en estantería Fecha de adquisición Fuente de adquisición Coste, precio normal de compra
2025-12-02 6   261.26 C96 73214 e1 35.00 2016-05-26   Libros físicos inventario-2023-12-13 No Perdido Clasificación Decimal Dewey No restringido Disponible para préstamos Colección General Maestría en teología Biblioteca CRAI UPeU Lima Biblioteca CRAI UPeU Lima Sala principal 2016-05-26 COMPRA 30.00